Respect standard for housing management (Record no. 107476)
[ view plain ]
| 000 -LEADER | |
|---|---|
| fixed length control field | 01508cam a22002295a 4500 |
| 001 - CONTROL NUMBER | |
| control field | L140295 |
| 008 - FIXED-LENGTH DATA ELEMENTS--GENERAL INFORMATION | |
| fixed length control field | 070917s2007 xxkd f 000 0 eng d |
| 035 ## - SYSTEM CONTROL NUMBER | |
| System control number | (Sirsi) u140295 |
| 041 0# - LANGUAGE CODE | |
| Language code of text/sound track or separate title | eng |
| 050 04 - LIBRARY OF CONGRESS CALL NUMBER | |
| Classification number | 346.4104343 $2 18 |
| 110 1# - MAIN ENTRY--CORPORATE NAME | |
| Corporate name or jurisdiction name as entry element | United Kingdom |
| Subordinate unit | Department for Communities and Local Government |
| 9 (RLIN) | 4939 |
| 245 00 - TITLE STATEMENT | |
| Title | Respect standard for housing management |
| Remainder of title | a performance improvement toolkit for landlords |
| Medium | [electronic resource] |
| 260 ## - PUBLICATION, DISTRIBUTION, ETC. | |
| Place of publication, distribution, etc. | London |
| Name of publisher, distributor, etc. | DCLG |
| Date of publication, distribution, etc. | 2007 |
| 520 ## - SUMMARY, ETC. | |
| Summary, etc. | Presents a selection of performance measures to develop and improve anti-social behaviour (ASB) services. Based on the Respect Standard, a cross-government strategy for tackling ASB. Provides 12 key indicators which service heads and ASB managers can use to measure their service. Provides advice on implementation and use of the measurement system, including five performance measurement categories. Suggests ways in which this information can be used to drive performance improvement. Provides advice on setting strategic aims and objectives. Includes sample and recommended questionnaires, optional indicators and performance measures and good practice sources. |
| 590 ## - LOCAL NOTE (RLIN) | |
| Local note | KA |
| 651 #4 - SUBJECT ADDED ENTRY--GEOGRAPHIC NAME | |
| Geographic name | United Kingdom |
| Chronological subdivision | |
| 690 ## - LOCAL SUBJECT ADDED ENTRY--TOPICAL TERM (OCLC, RLIN) | |
| Topical term or geographic name as entry element | Block management |
| 9 (RLIN) | 6220 |
| 710 2# - ADDED ENTRY--CORPORATE NAME | |
| Corporate name or jurisdiction name as entry element | Housemark Ltd |
| 9 (RLIN) | 5161 |
| 710 2# - ADDED ENTRY--CORPORATE NAME | |
| Corporate name or jurisdiction name as entry element | Social Landlords Crime and Nuisance Group |
| 9 (RLIN) | 5348 |
| 856 40 - ELECTRONIC LOCATION AND ACCESS | |
| Uniform Resource Identifier | <a href="https://www.communities.gov.uk/publications/housing/landlordtoolkit?version=1">https://www.communities.gov.uk/publications/housing/landlordtoolkit?version=1</a> |
| Processor of request | View the item free of charge at www.communities.gov.uk... |
| 942 ## - ADDED ENTRY ELEMENTS (KOHA) | |
| Suppress in OPAC | 0 |
| Withdrawn status | Lost status | Source of classification or shelving scheme | Damaged status | Not for loan | Home library | Current library | Shelving location | Date acquired | Total Checkouts | Full call number | Barcode | Date last seen | Copy number | Price effective from | Koha item type |
|---|---|---|---|---|---|---|---|---|---|---|---|---|---|---|---|
| Dewey Decimal Classification | Virtual | Virtual | Online | 17/09/2007 | ONLINE PUBLICATION | 140295-1001 | 06/08/2019 | 1 | 06/08/2019 | Book |